Public relations : Strategies and tactics. / (Record no. 5601)
[ view plain ]
| 000 -LEADER | |
|---|---|
| fixed length control field | 01977cam a2200313 i 4500 |
| 001 - CONTROL NUMBER | |
| control field | 18049509 |
| 003 - CONTROL NUMBER IDENTIFIER | |
| control field | OSt |
| 005 - DATE AND TIME OF LATEST TRANSACTION | |
| control field | 20210414114453.0 |
| 008 - FIXED-LENGTH DATA ELEMENTS--GENERAL INFORMATION | |
| fixed length control field | 140227s2014 maua b 001 0 eng |
| 010 ## - LIBRARY OF CONGRESS CONTROL NUMBER | |
| LC control number | 2014002354 |
| 020 ## - INTERNATIONAL STANDARD BOOK NUMBER | |
| International Standard Book Number | 9780205960644 |
| 040 ## - CATALOGING SOURCE | |
| Original cataloging agency | DLC |
| Language of cataloging | eng |
| Transcribing agency | DLC |
| Description conventions | rda |
| Modifying agency | DLC |
| 042 ## - AUTHENTICATION CODE | |
| Authentication code | pcc |
| 043 ## - GEOGRAPHIC AREA CODE | |
| Geographic area code | n-us--- |
| 050 00 - LIBRARY OF CONGRESS CALL NUMBER | |
| Classification number | HM1221.W55 |
| 100 1# - MAIN ENTRY--PERSONAL NAME | |
| Personal name | Wilcox, Dennis L. |
| 245 10 - TITLE STATEMENT | |
| Title | Public relations : Strategies and tactics. / |
| Statement of responsibility, etc. | Dennis L. Wilcox. |
| 250 ## - EDITION STATEMENT | |
| Edition statement | 11th ed. |
| 260 ## - PUBLICATION, DISTRIBUTION, ETC. | |
| Place of publication, distribution, etc. | Boston: |
| Name of publisher, distributor, etc. | Pearson, |
| Date of publication, distribution, etc. | 2015. |
| 300 ## - PHYSICAL DESCRIPTION | |
| Extent | 624p. : |
| Other physical details | ills.: |
| Dimensions | 27cm. |
| 500 ## - GENERAL NOTE | |
| General note | Includes bibliographical references and index. |
| 505 ## - FORMATTED CONTENTS NOTE | |
| Formatted contents note | Contents: Role: Defining public relations -- The evolution and history of public relations -- Ethical considerations and the role of professional bodies -- The practice of public relations -- Process: The role and scope of research in public relations -- The public relations process -- Communication concepts and practice in public relations -- Evaluation and measurement of public relations programs -- Strategy: Public opinion: Role, scope and implications -- Conflict management and crisis communication -- Audiences -- Laws and applications -- Tactics: Internet and social media: Role & scope in public relations -- Media relations management: Print media -- Media relations management: Electronic media -- Event management -- Application: Communicating corporate affairs -- Public relations in entertainment, sports, and tourism -- Public relations in government -- Global public relations in an interdependent world -- Public relations in non-profit, health, and education sectors. |
| 650 #0 - SUBJECT ADDED ENTRY--TOPICAL TERM | |
| Topical term or geographic name entry element | Public relations. |
| 650 #0 - SUBJECT ADDED ENTRY--TOPICAL TERM | |
| Topical term or geographic name entry element | Public relations |
| Geographic subdivision | United States. |
| 700 1# - ADDED ENTRY--PERSONAL NAME | |
| Personal name | Cameron, Glen T. |
| 700 1# - ADDED ENTRY--PERSONAL NAME | |
| Personal name | Reber, Bryan H. |
| 942 ## - ADDED ENTRY ELEMENTS (KOHA) | |
| Source of classification or shelving scheme | Library of Congress Classification |
| Koha item type | Books |
| Withdrawn status | Lost status | Source of classification or shelving scheme | Damaged status | Not for loan | Home library | Current library | Shelving location | Date acquired | Total Checkouts | Full call number | Barcode | Date last seen | Copy number | Price effective from | Koha item type |
|---|---|---|---|---|---|---|---|---|---|---|---|---|---|---|---|
| Library of Congress Classification | WISCONSIN INTERNATIONAL UNIVERSITY COLLEGE, GHANA - MAIN LIBRARY | WISCONSIN INTERNATIONAL UNIVERSITY COLLEGE, GHANA - MAIN LIBRARY | Reference | 03/07/2015 | HM1221.W55 | 7852/279/15 | 03/07/2015 | 1 | 03/07/2015 | Books | |||||
| Library of Congress Classification | WISCONSIN INTERNATIONAL UNIVERSITY COLLEGE, GHANA - MAIN LIBRARY | WISCONSIN INTERNATIONAL UNIVERSITY COLLEGE, GHANA - MAIN LIBRARY | Reference | 08/07/2015 | HM1221.W551 | 7879/306/15 | 08/07/2015 | 2 | 08/07/2015 | Books |
